Look look outside / (Record no. 7850)

MARC details
000 -LEADER
fixed length control field 00858nam a22002657a 4500
001 - CONTROL NUMBER
control field 7850
003 - CONTROL NUMBER IDENTIFIER
control field FISKH
005 - DATE AND TIME OF LATEST TRANSACTION
control field 20250812093255.0
008 - FIXED-LENGTH DATA ELEMENTS--GENERAL INFORMATION
fixed length control field 250811b cb ||||| |||| 00| 0 eng d
020 ## - INTERNATIONAL STANDARD BOOK NUMBER
International Standard Book Number 9780803737297
040 ## - CATALOGING SOURCE
Original cataloging agency FISKH
Language of cataloging eng
Transcribing agency FISKH
Modifying agency FISKH
050 ## - LIBRARY OF CONGRESS CALL NUMBER
Classification number PZ7.L6622 L
082 ## - DEWEY DECIMAL CLASSIFICATION NUMBER
Classification number 443
100 ## - MAIN ENTRY--PERSONAL NAME
Personal name Linenthal, Peter
245 ## - TITLE STATEMENT
Title Look look outside /
260 ## - PUBLICATION, DISTRIBUTION, ETC.
Place of publication, distribution, etc. New York :
Name of publisher, distributor, etc. Penguin,
Date of publication, distribution, etc. 2012.
300 ## - PHYSICAL DESCRIPTION
Extent 18 unnumbered pages :
Other physical details color illustrations ;
Dimensions 17 cm
505 ## - FORMATTED CONTENTS NOTE
Formatted contents note C<br/>
520 ## - SUMMARY, ETC.
Summary, etc. A baby looks outside the window and sees all sorts of interesting things, in a book with high-contrast black-and-white illustrations. On board pages.
521 8# - TARGET AUDIENCE NOTE
Target audience note 100<br/>
Source Lexile estimate
521 8# - TARGET AUDIENCE NOTE
Target audience note C<br/>
Source Raz-Plus<br/>
650 ## - SUBJECT ADDED ENTRY--TOPICAL TERM
Topical term or geographic name entry element Black and White
Form subdivision Children's Books
General subdivision Board Book
Chronological subdivision Picture Book
942 ## - ADDED ENTRY ELEMENTS (KOHA)
Source of classification or shelving scheme Dewey Decimal Classification
Koha item type Books
Suppress in OPAC No
Holdings
Withdrawn status Lost status Source of classification or shelving scheme Damaged status Not for loan Collection Home library Current library Shelving location Date acquired Total Checkouts Full call number Barcode Date last seen Copy number Price effective from Koha item type
    Dewey Decimal Classification     Juvenile Fiction Footprints International School Library Network Toul Kork Campus Footprints International School Library Network Toul Kork Campus TK Primary Library Room(4th Floor), Bookcase 7, Shelves 57-60, Dark Green Books 08/12/2025   LIN 443 PZ7.L6622 L FISTK02866 08/12/2025 1 08/12/2025 Books